| 000 | 00858aam a2200301 4500 | ||
|---|---|---|---|
| 005 | 20160923105901.0 | ||
| 008 | 150325b xxu||||| |||| 00| 0 spa d | ||
| 041 | _aIN | ||
| 082 | _a3.27 O63g | ||
| 100 |
_aOrganización Mundial del Turismo _99368 |
||
| 245 | _aGuide for local authorities on developing sustainable tourism | ||
| 260 | _aEspaña | ||
| 260 | _bOMT | ||
| 260 | _c1998 | ||
| 300 | _a194 páginas | ||
| 650 |
_aTURISMO SOSTENIBLE _99369 |
||
| 650 |
_aPLANES DE MANEJO _922308 |
||
| 650 |
_aTURISMO ECOLÓGICO _91911 |
||
| 650 |
_aFINANZAS _928 |
||
| 650 |
_aINDICADORES _95932 |
||
| 650 |
_aRECURSOS HUMANOS _922312 |
||
| 650 |
_aMERCADEO _9270 |
||
| 650 |
_aPROMOCIÓN TURÍSTICA _91089 |
||
| 650 |
_aATRACTIVOS TURÍSTICOS _95394 |
||
| 650 |
_aSEGURIDAD TURÍSTICA _911941 |
||
| 650 |
_aIMPACTO AMBIENTAL _91662 |
||
| 942 | _cBK | ||
| 999 |
_c1014 _d1014 |
||